000 00699nas a2200229 4500
001 BR9501458
003 BR-BrBNA
005 20231205094300.0
007 ta
008 230509b bl.|||p| |||| 00| 00por d
040 _aBR-BrBNA
_bpor
_cBiblioteca Nacional de Agricultura
041 _a(Pt)
072 _aF50
100 1 _aNickel, O.
245 1 _aAnatomia patologica e fluxo hidrico de citrus spp. afetados pela sorose tipo Bahia
650 _aFruta Citrica
650 _aSorose
650 _aAnatomia Vegetal
773 0 _tFitopatologia Brasileira (Brazil)
_xISSN 0100-4158
_g(Dec 1992), v. 17(4) p. 407-411
_wBR9501458
909 _a202311
_bLúcia
_c55
_dLúcia Elande
942 _2AGRIS
_n0
_cANA
999 _c143313
_d143313